000 00312nam a22001337a 4500
003 OSt
008 250322b |||||||| |||| 00| 0 eng d
041 _aeng
082 _a621.942
_bBOG/AU
100 _aBoguslavsky, B. L
_97326
245 _aAutomatic and semi-automatic lathes /
300 _a446p.
942 _cBK
999 _c19463
_d19463